| 000 | 00978nam a2200277Ia 4500 | ||
|---|---|---|---|
| 003 | OSt | ||
| 005 | 20220918171407.0 | ||
| 006 | a|||||r|||| 00| 0 | ||
| 007 | ta | ||
| 008 | 220917b |||||||| |||| 00| 0 eng d | ||
| 020 |
_a9781608769407 (hbk) _c4188.34 |
||
| 024 | _a243,810 | ||
| 037 |
_b1558, 05/07/2010, Channel Publications _cTextual |
||
| 040 |
_aARTS _cARTS _beng |
||
| 041 |
_2eng _aeng |
||
| 082 | _aY:434:6.63, Q0(906) | ||
| 100 |
_aShackleton Charlie M. _936309 |
||
| 245 | 0 | _aLivelihoods and vulnerability in the arid and semi-arid lands of Southern Africa | |
| 260 |
_aNew York _bNova Science Publishers USA _c2010 |
||
| 300 |
_a267p. _ccm. |
||
| 490 | _aHunger and poverty: Causes, impacts and eradication | ||
| 650 | _aSOCIOLOGY | ||
| 700 |
_a Shackleton Sheona E. _936310 |
||
| 942 |
_hY:434:6.63, Q0(906) _cTEXL _2CC |
||
| 999 |
_c139368 _d139368 |
||